00278nam a2200097Ia 45000010005000000080041000050820021000461000011000672450083000782600019001613599241024s9999 xx 000 0 und d a305.2/UN56a/2013 aUNESCO 0aAgenda Educacional Post 2015 América Latina y el Caribe, 29-30 de enero 2013 bMéxicoc2013